Pakistan, the identity of culture (Record no. 63064)

000 -LEADER
fixed length control field 00488nam a22001937a 4500
003 - CONTROL NUMBER IDENTIFIER
control field NUST - PNEC
005 - DATE AND TIME OF LATEST TRANSACTION
control field 20170116180803.0
008 - FIXED-LENGTH DATA ELEMENTS--GENERAL INFORMATION
fixed length control field 150417b xxu||||| |||| 00| 0 eng d
020 ## - INTERNATIONAL STANDARD BOOK NUMBER
International Standard Book Number -
040 ## - CATALOGING SOURCE
Transcribing agency LIBRARY
082 ## - DEWEY DECIMAL CLASSIFICATION NUMBER
Classification number 306.9549 JAM
100 ## - MAIN ENTRY--PERSONAL NAME
9 (RLIN) 2739
Personal name Jalibi Jamil
245 ## - TITLE STATEMENT
Title Pakistan, the identity of culture
Statement of responsibility, etc. Jamil Jalibi
250 ## - EDITION STATEMENT
Edition statement 1st ed
260 ## - PUBLICATION, DISTRIBUTION, ETC.
Place of publication, distribution, etc. Karachi
Name of publisher, distributor, etc. Royal Book Co
Date of publication, distribution, etc. c1984.
300 ## - PHYSICAL DESCRIPTION
Extent 213p. :
650 ## - SUBJECT ADDED ENTRY--TOPICAL TERM
9 (RLIN) 2740
Topical term or geographic name entry element Islam
General subdivision General
942 ## - ADDED ENTRY ELEMENTS (KOHA)
Source of classification or shelving scheme
Koha item type Book
Holdings
Withdrawn status Lost status Source of classification or shelving scheme Damaged status Not for loan Permanent Location Current Location Shelving location Date acquired Source of acquisition Cost, normal purchase price Total Checkouts Full call number Barcode Date last seen Cost, replacement price Price effective from Koha item type
          Pakistan Navy Engineering College (PNEC) Pakistan Navy Engineering College (PNEC)   05/18/1985 Royal Book Company 99.00   306.9549 JAM PNECLIB-006248 04/17/2015 99.00 05/18/1985 Book
© 2023 Central Library, National University of Sciences and Technology. All Rights Reserved.